| 000 | 01120nam a2200265Ia 4500 | ||
|---|---|---|---|
| 003 | Ost | ||
| 005 | 20260507075420.0 | ||
| 008 | 260507s9999||||xx |||||||||||||| ||und|| | ||
| 020 | _a9789957950545 | ||
| 040 | _cfsecg | ||
| 041 | _aara | ||
| 082 | _a330 | ||
| 100 |
_aعباس ، نضال _eمؤلف |
||
| 245 | 0 |
_aمبادئ الإقتصاد الجزئي / _c نضال عباس |
|
| 246 | _aPrinciples of microeconomics | ||
| 260 |
_aعمان: _bدار الأيام للنشر والتوزيع, _c2015 |
||
| 300 |
_a358 صفحة؛ _bإيضاحات ؛ _c25 سم |
||
| 504 | _aالمراجع ص.355 | ||
| 520 | _aطبيعة علم الاقتصاد والمشكلة الاقتصادية، الطلب والعرض، نظرية سلوك المستهلك، نظرية الانتاج، نظرية تكاليف الانتاج، توازن المنشأة في الأسواق المختلفة. | ||
| 653 | _aالإقتصاد الجزئي | ||
| 653 | _aالمشاكل الإقتصادية | ||
| 653 | _aعلم الإقتصاد | ||
| 700 |
_aسامر، عبد الهادي _eمؤلف ثانوي |
||
| 942 | _cكتاب | ||
| 999 |
_c44463 _d44463 |
||